Korea : a lonely planet travel survival kit.
| Main Author: | |
|---|---|
| Other Authors: | |
| Format: | Book |
| Published: |
Hawthorn:
Lonely Planet,
1995.
|
| Edition: | 3rd ed. |
| Series: | Lonely Planet travel survival kit
|
| Subjects: |
| LEADER | 00572cam a2200205 7i4500 | ||
|---|---|---|---|
| 001 | 0000004055 | ||
| 005 | 19991025090000.0 | ||
| 002 | ##000005502 | ||
| 020 | 0 | 0 | |a 0-86442-264-4 |
| 090 | 0 | 0 | |a KORS 910.202 |b STO |
| 100 | 0 | 0 | |a Storey |
| 245 | 0 | 0 | |a Korea : |b a lonely planet travel survival kit. |
| 250 | 0 | 0 | |a 3rd ed. |
| 260 | 0 | 0 | |a Hawthorn: |b Lonely Planet, |c 1995. |
| 300 | 0 | 0 | |a 395 p.. |
| 440 | 0 | 0 | |a Lonely Planet travel survival kit |
| 650 | 0 | 0 | |a Voyages and travel |
| 651 | 0 | 0 | |a Korea |
| 700 | 0 | 0 | |a Crowther, |h Geoff |
| 999 | |a 0000006220 |b Book |c Open shelf |e Business Information Centre | ||


